| 000 | 00691cab a2200217 4500 | ||
|---|---|---|---|
| 001 | WB3509-04 | ||
| 008 | 090401t1999 xxu||||| |||| 00| 0 eng d | ||
| 035 | _a(Sirsi) u91786 | ||
| 041 | _aeng | ||
| 245 | _a£1.1b NHS building cash boost | ||
| 260 | _c1999 | ||
| 350 | _a0 | ||
| 490 |
_aDoH Press Release _v3 March 1999, (3) |
||
| 520 | _aA £1.1b capital investment programme for new NHS buildings and equipment has been announced for the next financial year. Total regional office capital allocations 1999-2000. | ||
| 650 | _aCAPITAL INVESTMENT | ||
| 650 | _aHOSPITAL BUILDINGS | ||
| 650 | _aNHS BUILDINGS | ||
| 690 | _aBUILT ENVIRONMENT | ||
| 942 | _n0 | ||
| 948 | _c04/03/1999 | ||
| 999 |
_c58251 _d58251 |
||